000 00735nam a2200265Ia 4500
001 Para_4486
003 CHAP
008 220125s1926 xx 000 0 und d
010 _a202967
040 _cCHAP
090 _aPA FOLLETO 1733
100 _aReinhard, H. J
_995778
245 _aThe cotton flea hopper /
_c H. J. Reinhard
260 _aBryan, Texas :
_b Agricultural Experiment Station
300 _a39 p.
440 _aTexas. Agr. Exp. Sta. Bull; 339
_9168506
650 _aPsallus seriatus Algodón
_x Plagas
_9168501
901 _aPA FOLLETO 1733
902 _aA
905 _a0000001926 BRY 0000000000 00
910 _a1926
942 _cPARA
942 _cPARA
_d1
999 _c202967
_d202967